The pride of the nation : (Record no. 169248)

MARC details
000 -LEADER
fixed length control field 00582nam a2200193 4500
005 - DATE AND TIME OF LATEST TRANSACTION
control field 20191111145625.0
010 ## - LCCN (DPL NO)
LC control number ENG-126878
020 ## - INTERNATIONAL STANDARD BOOK NUMBER
International Standard Book Number 9788174631565
Terms of availability 695.00
035 ## - SYSTEM CONTROL NUMBER
System control number EN-110410
037 ## - SOURCE OF ACQUISITION
Source of stock number/acquisition DBAD/PUB
082 ## - DEWEY DECIMAL CLASSIFICATION NUMBER
Classification number 920
100 ## - MAIN ENTRY--PERSONAL NAME
Personal name Dubey, C.M
245 ## - TITLE STATEMENT
Title The pride of the nation :
Statement of responsibility, etc by C.M.Dubey
Remainder of title Pt.Deendayal Upadhyay /
260 ## - PUBLICATION, DISTRIBUTION, ETC. (IMPRINT)
Place of publication, distribution, etc Delhi
Name of publisher, distributor, etc Pandulipi Prakashan
Date of publication, distribution, etc 2019
270 ## - ADDRESS
Address 77/1, East Azad Nagar
City Delhi
Postal code 110051
300 ## - PHYSICAL DESCRIPTION
Extent 237p.
Dimensions 22cm(Hb)
500 ## - GENERAL NOTE
General note Includes bibliographical references and index
942 ## - ADDED ENTRY ELEMENTS (KOHA)
Source of classification or shelving scheme Dewey Decimal Classification
Item type English Books
Classification part 920
Call number suffix DUB
Holdings
Withdrawn status Lost status Not for loan Collection code Home library Current library Date acquired Source of acquisition Cost, normal purchase price Full call number Barcode Copy number Cost, replacement price Koha item type
      Non-fiction Sarojini Nagar Sarojini Nagar 11/11/2019 DBAD/PUB 695.00 920 DUB EN-110410 1 695.00 English Books

© Delhi Public Library
Hit Counter
free hit counter